000 00586nam a2200241Ia 4500
003 OSt
005 20221005115753.0
006 a|||||r|||| 00| 0
007 ta
008 221004b |||||||| |||| 00| 0 tel d
024 _a39926
037 _cTextual
040 _aCRL
_cCRL
_btel
041 _2tel
_atel
082 _aV4315.N5, 35K8
100 _aReddi V.M. Au.
_9627281
245 0 _aCombodia laos
260 _c1967
300 _a151p.
_ccm.
650 _aHISTORY
942 _hV4315.N5, 35K8
_cTEXL
_2cc
999 _c1035867
_d1035867